000 00617cam a2200217 a 4500
005 20131007061558.0
008 030618s2004 inua 001 0 eng
041 0 _aeng
080 _a004.42
100 1 _aCamarda, Bill,
_d1956-
245 1 0 _aSpecial edition using Microsoft Office Word 2003 /
_cBill Camarda.
246 3 0 _aUsing Microsoft Office Word 2003
260 _aIndianapolis, Ind. :
_bQue,
_cc2004.
300 _axl, 1231 p. ;
_bill. ;
_c23 cm. +
500 _aIncludes index.
630 0 0 _aMicrosoft Word.
650 0 _aWord processing.
650 0 _aKompjutera
650 0 _aSoftuer
942 _2udc
_cBK
999 _c40
_d40